[Event "FB1 2223 SG Solingen - TuRa Harksheide"]
[Site "?"]
[Date "2023.02.18"]
[Round "5.3"]
[White "Urh, Zala"]
[Black "Muetsch, Annmarie"]
[Result "1/2-1/2"]
[WhiteElo "2288"]
[BlackElo "2264"]
[PlyCount "134"]
[EventDate "2023.??.??"]

1. d4 d6 2. Nf3 g6 3. c4 Bg7 4. g3 Nd7 5. Bg2 e5 6. Nc3 Ne7 7. O-O O-O 8. e4 exd4 9. Nxd4 Nc6 10. Nxc6 bxc6 11. Qc2 Re8 12. Be3 Ne5 13. c5 Qf6 14. Bf4 Rb8 15. cxd6 cxd6 16. Rac1 Ba6 17. Rfd1 g5 18. Bxe5 Qxe5 19. Qa4 Rb6 20. Rd2 g4 21. Rcd1 Re6 22. Ne2 Bh6 23. Rc2 Bxe2 24. Rxe2 Qb5 25. Qc2 Bg7 26. b3 Qh5 27. Qc1 Be5 28. Qa3 Rb5 29. Qxa7 Rc5 30. Qd7 Kg7 31. a4 Rh6 32. Kf1 Rc3 33. a5 Qxh2 34. a6 Rxg3 35. fxg3 Bxg3 36. Qxg4+ Rg6 37. Qxg6+ hxg6 38. a7 Qh8 39. Ra2 Qa8 40. Rd4 Qd8 41. a8=Q Qf6+ 42. Ke2 Qxd4 43. Qa4 Qg1 44. Kf3 Be5 45. Qc4 Qe1 46. Rf2 Qd1+ 47. Re2 c5 48. Qc2 Qg1 49. Rf2 Bd4 50. Rf1 Qe3+ 51. Kg4 d5 52. Qc1 Qxb3 53. Qf4 dxe4 54. Bxe4 Qe6+ 55. Kf3 f5 56. Bd3 Qd5+ 57. Ke2 Qa2+ 58. Qd2 Qd5 59. Qf4 Qa2+ 60. Qd2 Qd5 61. Qa5 Be5 62. Rb1 Kh6 63. Qd2+ Kg7 64. Rg1 Bd4 65. Rg3 Qe5+ 66. Kf3 Qd5+ 67. Ke2 Qe5+ 1/2-1/2

[Event "FB1 2223 SG Solingen - TuRa Harksheide"]
[Site "?"]
[Date "2023.02.18"]
[Round "5.4"]
[White "Zozulia, Anna"]
[Black "Radikovic, Anamarija"]
[Result "1-0"]
[WhiteElo "2235"]
[BlackElo "2086"]
[PlyCount "73"]
[EventDate "2023.??.??"]

1. e4 c5 2. Nf3 Nc6 3. d4 cxd4 4. Nxd4 Nf6 5. Nc3 d6 6. Be2 e5 7. Nb3 Be7 8. O-O O-O 9. Kh1 a5 10. a4 Nb4 11. f4 Bd7 12. Bf3 Bc6 13. Re1 Rc8 14. Re2 Qc7 15. Be3 d5 16. exd5 e4 17. Bxe4 Nxe4 18. dxc6 Nxc3 19. bxc3 Nxc6 20. Nd4 Bf6 21. Nb5 Qb8 22. Bc5 Rfd8 23. Bd6 Qa8 24. Qe1 Qa6 25. Bc7 Rf8 26. Bd6 Rfd8 27. Rb1 h6 28. Re4 Na7 29. Bc7 Rf8 30. c4 Nc6 31. Qe3 Nb8 32. c5 Nc6 33. h3 Nb4 34. Bxa5 Nd5 35. Qe1 Rxc5 36. c4 Rxb5 37. axb5 1-0

[Event "FB1 2223 SG Solingen - TuRa Harksheide"]
[Site "?"]
[Date "2023.02.18"]
[Round "5.5"]
[White "Brandt, Carina"]
[Black "Bashylina, Luisa"]
[Result "0-1"]
[WhiteElo "2056"]
[BlackElo "2131"]
[PlyCount "91"]
[EventDate "2023.??.??"]

1. e4 c5 2. Nf3 d6 3. d4 cxd4 4. Nxd4 Nf6 5. Nc3 a6 6. h3 e5 7. Nde2 h5 8. Bg5 Be6 9. Bxf6 Qxf6 10. Nd5 Qd8 11. Qd3 Nc6 12. O-O-O g6 13. Kb1 Bh6 14. Qf3 Bg7 15. Qa3 Rc8 16. Nec3 O-O 17. Bd3 Nd4 18. Rdg1 Re8 19. g4 h4 20. Rd1 b5 21. Qxa6 b4 22. Ne2 Bxd5 23. exd5 Nxe2 24. Bxe2 e4 25. Qa4 Qf6 26. Qxb4 Qxf2 27. Qd2 Rb8 28. c3 Rec8 29. Ba6 Qxd2 30. Rxd2 Rxc3 31. a4 e3 32. Re2 Rc5 33. Bb5 Rxd5 34. Rxe3 Rd2 35. Rb3 Rc8 36. Rc1 Ra8 37. Ka2 Be5 38. Rc7 Rf2 39. Bc6 Ra5 40. Bb5 Ra8 41. Kb1 Kg7 42. Rc2 Rf4 43. Ra3 Rb4 44. Rf3 Ra7 45. Ka2 Rxb5 46. Re2 0-1

[Event "FB1 2223 SG Solingen - TuRa Harksheide"]
[Site "?"]
[Date "2023.02.18"]
[Round "5.6"]
[White "Muedder, Melanie"]
[Black "Koehler, Inken"]
[Result "0-1"]
[WhiteElo "1870"]
[BlackElo "2015"]
[PlyCount "84"]
[EventDate "2023.??.??"]

1. e4 c5 2. Nf3 e6 3. d4 cxd4 4. Nxd4 a6 5. Nc3 b5 6. Bd3 Bb7 7. O-O Nc6 8. Nxc6 Bxc6 9. Re1 Ne7 10. Bf4 Ng6 11. Bg3 Be7 12. Nd5 exd5 13. exd5 Bxd5 14. Bxg6 hxg6 15. Qxd5 O-O 16. Rad1 Bf6 17. c3 Qa5 18. Bd6 Rfe8 19. Re3 Rac8 20. Bb4 Qc7 21. Qxd7 Red8 22. Qg4 Rxd1+ 23. Qxd1 a5 24. Ba3 b4 25. cxb4 Bd4 26. Re2 Qc1 27. Re1 Qf4 28. Qe2 Rc1 29. g3 Qxf2+ 30. Qxf2 Rxe1+ 31. Kg2 Bxf2 32. Kxf2 Re5 33. bxa5 Rxa5 34. Ke3 f5 35. Kf4 Kf7 36. Kg5 Ra8 37. h3 Rh8 38. Bd6 Rxh3 39. b4 Rh2 40. a4 Rd2 41. Bc5 Re2 42. a5 Re4 0-1

[Event "FB1 2223 SC 1957 Bad Königshofen  - SK"]
[Site "?"]
[Date "2023.02.18"]
[Round "5.1"]
[White "Javakhishvili, Lela"]
[Black "Schneider, Jana"]
[Result "1-0"]
[WhiteElo "2440"]
[BlackElo "2273"]
[PlyCount "73"]
[EventDate "2023.??.??"]

1. Nf3 d5 2. g3 Nf6 3. Bg2 e6 4. O-O Be7 5. c4 O-O 6. b3 c6 7. Bb2 b6 8. d4 Bb7 9. Nc3 Nbd7 10. Qc2 Rc8 11. Rfd1 Qc7 12. e4 dxe4 13. Nxe4 c5 14. Nxf6+ Nxf6 15. d5 exd5 16. Be5 Bd6 17. Bxf6 gxf6 18. cxd5 Rfd8 19. Nh4 c4 20. Qf5 Qd7 21. Qh5 Re8 22. Nf5 Bf8 23. Bh3 Re5 24. Qh4 Qd8 25. bxc4 b5 26. Ne3 Rc5 27. Rab1 Qe7 28. Bg2 Qd7 29. Ng4 Rf5 30. Nxf6+ Rxf6 31. Qxf6 bxc4 32. Qg5+ Kh8 33. Bh3 Qxh3 34. Rxb7 Qh6 35. Qxh6 Bxh6 36. d6 Rc8 37. Rc7 1-0

[Event "FB1 2223 SC 1957 Bad Königshofen  - SK"]
[Site "?"]
[Date "2023.02.18"]
[Round "5.2"]
[White "Osmak, Yuliia"]
[Black "Batsiashvili, Nino"]
[Result "0-1"]
[WhiteElo "2449"]
[BlackElo "2493"]
[PlyCount "88"]
[EventDate "2023.??.??"]

1. d4 d5 2. c4 e6 3. Nc3 Nf6 4. cxd5 exd5 5. Bg5 c6 6. e3 Bd6 7. Bd3 O-O 8. Nge2 Re8 9. Qc2 h6 10. Bf4 a5 11. O-O Na6 12. a3 Nc7 13. Rac1 Ne6 14. Bxd6 Qxd6 15. Rfe1 Bd7 16. Na4 h5 17. h3 Ng5 18. Nf4 Nge4 19. Bxe4 dxe4 20. Qc5 Qxc5 21. Rxc5 h4 22. Rec1 Ra6 23. Rg5 b6 24. Nh5 Nxh5 25. Rxh5 f6 26. Rxh4 g5 27. Rh5 Kg7 28. g4 Re7 29. d5 Be8 30. d6 Rb7 31. Rc4 Bxh5 32. gxh5 c5 33. Rxe4 Rd7 34. h6+ Kxh6 35. Re6 Kg6 36. Re7 Rxe7 37. dxe7 Kf7 38. Kg2 Kxe7 39. Kg3 Kd6 40. Kg4 b5 41. Nc3 b4 42. axb4 cxb4 43. Ne4+ Kd5 44. Kf5 a4 0-1

[Event "FB1 2223 SC 1957 Bad Königshofen  - SK"]
[Site "?"]
[Date "2023.02.18"]
[Round "5.3"]
[White "Arabidze, Meri"]
[Black "Kiolbasa, Oliwia"]
[Result "1-0"]
[WhiteElo "2427"]
[BlackElo "2410"]
[PlyCount "95"]
[EventDate "2023.??.??"]

1. d4 d5 2. c4 e6 3. Nc3 Nf6 4. cxd5 exd5 5. Bg5 c6 6. e3 Be7 7. Bd3 h6 8. Bh4 O-O 9. Nge2 Re8 10. Qc2 Nbd7 11. O-O Nh5 12. Bxe7 Qxe7 13. Rab1 a5 14. a3 Nhf6 15. Ng3 Nb6 16. Rfe1 Qd8 17. b3 Be6 18. a4 Qd6 19. Qb2 Qb4 20. Nge2 Rad8 21. Nf4 Nc8 22. Na2 Qb6 23. b4 axb4 24. Qxb4 Qxb4 25. Rxb4 Nd6 26. Nc1 Bc8 27. Nb3 Re7 28. Ne2 Nde4 29. Rc1 Rde8 30. h3 Nd7 31. a5 Nb8 32. Nc3 Bf5 33. Bxe4 dxe4 34. Nc5 Bc8 35. Rcb1 f5 36. Nxb7 Na6 37. Rb6 Bxb7 38. Rxb7 Rxb7 39. Rxb7 c5 40. Nb5 cxd4 41. Nxd4 Re5 42. Nc6 Rc5 43. Rb6 Rc1+ 44. Kh2 Nc5 45. Ne7+ Kf7 46. Nxf5 Ra1 47. Rb5 Rc1 48. Kg3 1-0

[Event "FB1 2223 SC 1957 Bad Königshofen  - SK"]
[Site "?"]
[Date "2023.02.18"]
[Round "5.4"]
[White "Maltsevskaya, Aleksandra"]
[Black "Atalik, Ekaterina"]
[Result "0-1"]
[WhiteElo "2392"]
[BlackElo "2403"]
[PlyCount "52"]
[EventDate "2023.??.??"]

1. e4 c6 2. d4 d5 3. exd5 cxd5 4. c4 Nf6 5. Nc3 Nc6 6. Nf3 Be6 7. c5 g6 8. Bb5 Bg7 9. Qa4 Bd7 10. Ne5 a6 11. Bxc6 bxc6 12. O-O O-O 13. Re1 Ng4 14. Nxg4 Bxg4 15. Qxc6 Bxd4 16. Nxd5 Rc8 17. Qb7 Rxc5 18. Nxe7+ Kg7 19. Be3 Bxe3 20. Rxe3 Qd6 21. b4 Rc7 22. Qd5 Qf6 23. Rae1 Be6 24. Qd6 Qxe7 25. Qe5+ Kg8 26. h4 Rb7 0-1

[Event "FB1 2223 SC 1957 Bad Königshofen  - SK"]
[Site "?"]
[Date "2023.02.18"]
[Round "5.5"]
[White "Matnadze Bujiashvili, Ann"]
[Black "Melamed, Tatjana"]
[Result "1/2-1/2"]
[WhiteElo "2392"]
[BlackElo "2330"]
[PlyCount "77"]
[EventDate "2023.??.??"]

1. Nf3 Nf6 2. g3 e6 3. Bg2 d5 4. b3 Be7 5. Bb2 O-O 6. O-O c5 7. d3 Nc6 8. Nbd2 d4 9. e4 e5 10. h3 Ne8 11. Nh2 Be6 12. f4 f6 13. a4 a6 14. Nc4 b5 15. axb5 axb5 16. Rxa8 Qxa8 17. Nb6 Qd8 18. Nd5 Nc7 19. Nxe7+ Qxe7 20. Nf3 c4 21. bxc4 bxc4 22. fxe5 fxe5 23. Bc1 h6 24. Nh4 Rxf1+ 25. Qxf1 Qf7 26. Nf5 Nb4 27. dxc4 Bxc4 28. Qd1 Qf6 29. Bd2 Na2 30. Bf1 Bxf1 31. Qxf1 Qe6 32. Qf3 Kh7 33. Qa3 Qc4 34. Qe7 Ne6 35. Bxh6 Qe2 36. Bxg7 Qe1+ 37. Kh2 Qf2+ 38. Kh1 Qf1+ 39. Kh2 1/2-1/2

[Event "FB1 2223 SC 1957 Bad Königshofen  - SK"]
[Site "?"]
[Date "2023.02.18"]
[Round "5.6"]
[White "Babiy, Olga"]
[Black "Daulyte-Cornette, Deimante"]
[Result "0-1"]
[WhiteElo "2316"]
[BlackElo "2342"]
[PlyCount "122"]
[EventDate "2023.??.??"]

1. e4 e5 2. Nf3 Nc6 3. Bb5 a6 4. Ba4 Nf6 5. O-O d6 6. c3 Bd7 7. Re1 g6 8. d4 Bg7 9. Nbd2 O-O 10. Nf1 exd4 11. cxd4 Bg4 12. Bxc6 bxc6 13. h3 Bd7 14. Bg5 h6 15. Bh4 Qb8 16. Qc2 Re8 17. Re3 Nh5 18. Ng3 Nf4 19. Ne2 Nxe2+ 20. Rxe2 Qb4 21. Rd1 a5 22. Qc1 Rab8 23. e5 Qb5 24. Rde1 Qd5 25. Bg3 Bxh3 26. gxh3 Qxf3 27. Rc2 dxe5 28. dxe5 Re6 29. Kh2 Qd5 30. Rc5 Qxa2 31. Rxc6 Rxb2 32. Kg1 Rxc6 33. Qxc6 Qe6 34. Qxc7 a4 35. Qa5 Qb3 36. Qa8+ Kh7 37. Qa7 Rb1 38. Rxb1 Qxb1+ 39. Kh2 Qb3 40. e6 Qxe6 41. Qxa4 g5 42. Qc2+ f5 43. Bc7 h5 44. h4 Be5+ 45. Bxe5 Qxe5+ 46. Kg1 gxh4 47. Qb3 Kh6 48. Qb6+ Kh7 49. Qb3 Qe1+ 50. Kg2 Qe4+ 51. Kh2 Kh6 52. Qb6+ Kg5 53. Qd8+ Kg4 54. Qd1+ Kg5 55. Qd8+ Kf4 56. Qxh4+ Kf3 57. Qg3+ Ke2 58. f4 Qf3 59. Qg5 Qg4 60. Qd8 Qxf4+ 61. Kh3 Kf2 0-1

[Event "FB1 2223 SV Medizin Erfurt - FC Bayern "]
[Site "?"]
[Date "2023.02.18"]
[Round "5.1"]
[White "Ricken, Katharina"]
[Black "Nguyen, Ha Thanh"]
[Result "1/2-1/2"]
[WhiteElo "2210"]
[BlackElo "1979"]
[PlyCount "60"]
[EventDate "2023.??.??"]

1. Nf3 Nf6 2. g3 g6 3. b3 Bg7 4. Bb2 d5 5. c4 c6 6. Bg2 O-O 7. O-O Re8 8. Qc2 b6 9. d3 Bb7 10. Nbd2 Nbd7 11. Ne5 Nxe5 12. Bxe5 Nh5 13. Bxg7 Nxg7 14. cxd5 cxd5 15. Rac1 Rc8 16. Qb2 Qd7 17. Nf3 Nh5 18. Ng5 Rxc1 19. Rxc1 e5 20. Bh3 Qe7 21. Nf3 e4 22. Nd4 exd3 23. e3 Nf6 24. Rd1 Ba6 25. b4 Bc4 26. Bf1 Ne4 27. Bxd3 Bxd3 28. Rxd3 Rc8 29. b5 Rc5 30. Nc6 Qd7 1/2-1/2

[Event "FB1 2223 SV Medizin Erfurt - FC Bayern "]
[Site "?"]
[Date "2023.02.18"]
[Round "5.2"]
[White "Reuter, Elisa"]
[Black "Khrapko, Marharyta"]
[Result "1-0"]
[WhiteElo "1905"]
[BlackElo "2205"]
[PlyCount "161"]
[EventDate "2023.??.??"]

1. e4 c5 2. Nf3 Nc6 3. d4 cxd4 4. Nxd4 e5 5. Nb5 d6 6. c4 Be6 7. N1c3 a6 8. Na3 g6 9. Nd5 Bg7 10. Bd3 h6 11. Nc2 Nge7 12. Be3 O-O 13. O-O Kh7 14. Qd2 Rc8 15. Be2 f5 16. f3 Nb8 17. Ncb4 Nd7 18. Rad1 f4 19. Bf2 Bxd5 20. Nxd5 Nc6 21. Nb4 Nd4 22. Nc2 Nxc2 23. Qxc2 Rc6 24. b4 b5 25. c5 dxc5 26. Qd2 Rc7 27. Bxc5 Rf6 28. Bd6 Rb7 29. Bxe5 Rc6 30. Bxg7 Kxg7 31. Qxf4 Rc2 32. Qe3 Rxa2 33. Rd2 Rxd2 34. Qxd2 Qb6+ 35. Kh1 Rc7 36. f4 Nf6 37. Bf3 Rd7 38. Qe2 Qd4 39. e5 Ne8 40. Rd1 Qa7 41. Rxd7+ Qxd7 42. Qe4 Nc7 43. Qc6 Qxc6 44. Bxc6 Kf7 45. Kg1 Ke6 46. Kf2 g5 47. g3 h5 48. h4 gxf4 49. gxf4 a5 50. bxa5 b4 51. Ba4 Na6 52. Bb3+ Kf5 53. Bc4 Nc5 54. a6 b3 55. Bxb3 Nxa6 56. Kf3 Nc5 57. Bc2+ Ke6 58. Bg6 Nd7 59. Bxh5 Nxe5+ 60. Ke4 Nc6 61. Be8 Ne7 62. h5 Ng8 63. Bg6 Kf6 64. Kd5 Nh6 65. Kd6 Ng4 66. Kd7 Nh6 67. Ke8 Kg7 68. Ke7 Ng8+ 69. Ke6 Nh6 70. Bf5 Ng8 71. Bg4 Nh6 72. Bh3 Nf7 73. Ke7 Nh8 74. Be6 Kh6 75. Bf7 Kg7 76. Bg6 Kg8 77. Be8 Kg7 78. f5 Kh6 79. Kf8 Kh7 80. Bg6+ Kh6 81. Kg8 1-0

[Event "FB1 2223 SV Medizin Erfurt - FC Bayern "]
[Site "?"]
[Date "2023.02.18"]
[Round "5.3"]
[White "Schloffer, Jasmin-Denise"]
[Black "Mueller-Ludwig, Kristin"]
[Result "1-0"]
[WhiteElo "2073"]
[BlackElo "2045"]
[PlyCount "85"]
[EventDate "2023.??.??"]

1. d4 Nf6 2. c4 g6 3. Nc3 Bg7 4. e4 d6 5. Be2 O-O 6. Be3 e5 7. d5 a5 8. g4 Nfd7 9. h4 Na6 10. g5 Ndc5 11. h5 Bd7 12. Kd2 c6 13. Qf1 cxd5 14. cxd5 b5 15. Qg2 Rb8 16. f3 b4 17. Nd1 Qb6 18. Nh3 Rfc8 19. Nhf2 Bb5 20. hxg6 hxg6 21. Bxb5 Qxb5 22. Qf1 Qb7 23. Ng4 Na4 24. Nf6+ Kf8 25. Rh7 b3 26. Qh3 Rc2+ 27. Ke1 Qb5 28. Bd2 Qd3 29. Qh2 N4c5 30. Rxg7 Qxf3 31. Rxf7+ Kxf7 32. Qh7+ Kf8 33. Qg8+ Ke7 34. Qg7+ Kd8 35. Qf8+ Kc7 36. Ne8+ Rxe8 37. Bxa5+ Kb7 38. Qxf3 Rh8 39. axb3 Rch2 40. Nf2 R2h4 41. Rc1 Rf4 42. Qe2 Rhf8 43. Qb5+ 1-0

[Event "FB1 2223 SV Medizin Erfurt - FC Bayern "]
[Site "?"]
[Date "2023.02.18"]
[Round "5.4"]
[White "Anisheva, Varvara"]
[Black "Butenandt, Svenja"]
[Result "0-1"]
[WhiteElo "2088"]
[BlackElo "2071"]
[PlyCount "104"]
[EventDate "2023.??.??"]

1. e4 c6 2. d4 d5 3. e5 Bf5 4. h4 Qc7 5. Nc3 h5 6. Be2 e6 7. a3 c5 8. Nb5 Qb6 9. Be3 c4 10. Nd6+ Bxd6 11. exd6 Qxb2 12. Rb1 Qc3+ 13. Qd2 Qxd2+ 14. Kxd2 b6 15. Nf3 Nf6 16. Ng5 Nc6 17. Kc3 Na5 18. Rhe1 Nb7 19. Bf4 Rd8 20. a4 Nxd6 21. Bxd6 Rxd6 22. a5 O-O 23. Rb5 Rb8 24. Reb1 Bg4 25. f3 Bf5 26. Rc5 Ne8 27. g4 Bg6 28. f4 Rd7 29. f5 exf5 30. gxh5 f6 31. hxg6 fxg5 32. hxg5 Nc7 33. axb6 axb6 34. Rc6 b5 35. Kb4 Ra8 36. Bf3 Kf8 37. Rb6 Ke8 38. Rh1 Ra2 39. Rb8+ Ke7 40. Re1+ Ne6 41. Rb6 Rd6 42. Rxb5 Rxc2 43. Re5 Rb2+ 44. Ka5 Rxb5+ 45. Kxb5 c3 46. Bd1 Rd7 47. Kb4 Rc7 48. Bc2 Kd6 49. Re1 Nxd4 50. Bd3 c2 51. Rc1 f4 52. Ka3 Rc3+ 0-1

[Event "FB1 2223 SV Medizin Erfurt - FC Bayern "]
[Site "?"]
[Date "2023.02.18"]
[Round "5.5"]
[White "Vidonyak, Nellya"]
[Black "Troyke, Doreen"]
[Result "1-0"]
[WhiteElo "2109"]
[BlackElo "1996"]
[PlyCount "89"]
[EventDate "2023.??.??"]

1. d4 d5 2. c4 e6 3. Nc3 Nf6 4. Nf3 Be7 5. e3 O-O 6. b3 c6 7. Bd3 Nbd7 8. O-O b6 9. Qc2 Bb7 10. Bb2 h6 11. a4 c5 12. cxd5 Nxd5 13. Nxd5 Bxd5 14. e4 Bb7 15. Rfd1 cxd4 16. Nxd4 Nc5 17. Qe2 Qc7 18. Rac1 a5 19. Nb5 Qf4 20. Rc4 e5 21. Nc7 Rad8 22. Nd5 Bxd5 23. exd5 e4 24. Bxe4 Qd6 25. Bc2 Bf6 26. Ba3 Rfe8 27. Re4 Rxe4 28. Bxe4 Qe5 29. Bxc5 bxc5 30. Qc4 Qb2 31. Qxc5 Qxb3 32. Bc2 Qb2 33. d6 g6 34. d7 Kg7 35. g3 h5 36. Qc4 Bc3 37. Bb3 Bd2 38. Qxf7+ Kh6 39. h4 Bb4 40. Qd5 Qf6 41. Bc2 Qe7 42. Qc6 Qf7 43. Rd5 Be7 44. Rf5 Qg7 45. Rxa5 1-0

[Event "FB1 2223 SV Medizin Erfurt - FC Bayern "]
[Site "?"]
[Date "2023.02.18"]
[Round "5.6"]
[White "Umpfenbach, Carolin"]
[Black "Dirmeier, Carolin"]
[Result "1-0"]
[WhiteElo "2039"]
[BlackElo "1945"]
[PlyCount "197"]
[EventDate "2023.??.??"]

1. d4 f5 2. g3 Nf6 3. Bg2 g6 4. Nh3 Bg7 5. c3 e6 6. Nd2 O-O 7. O-O d6 8. Qb3 Nc6 9. Nf4 Qe8 10. e4 g5 11. Nd3 Kh8 12. exf5 exf5 13. Re1 Qg6 14. f4 g4 15. Nf2 Qf7 16. Qxf7 Rxf7 17. Nc4 Bd7 18. Bd2 Re8 19. Rxe8+ Nxe8 20. Re1 Bf6 21. Nd1 h5 22. h3 Re7 23. hxg4 hxg4 24. Bd5 Kg7 25. Nce3 Kg6 26. Bb3 Rh7 27. Nf2 Ng7 28. Bc2 Kf7 29. Nexg4 Bd8 30. Ne3 Rh8 31. Kg2 Ne7 32. Bb3+ Be6 33. d5 Bd7 34. Rh1 Re8 35. Nc2 Ng6 36. Re1 Rg8 37. Kf3 Bf6 38. Be3 Nf8 39. Rh1 a6 40. Bd4 Ne8 41. Be3 Ng6 42. Rh7+ Ng7 43. Nd4 Nf8 44. Rh2 Ng6 45. Nd3 Re8 46. Bg1 Rg8 47. Re2 Nf8 48. Rh2 Ng6 49. Ne1 Re8 50. Re2 Rh8 51. Nd3 Nf8 52. a4 Rg8 53. Nc2 Nh5 54. Rg2 Ng6 55. Ne3 Bd8 56. Bf2 Nf6 57. Be1 Rg7 58. Nf2 Ne7 59. Rh2 Ng6 60. c4 Rg8 61. Bc3 Re8 62. Bc2 Ne7 63. Bxf6 Kxf6 64. g4 c6 65. Rh6+ Kg7 66. Rxd6 Bc8 67. g5 Bb6 68. Nfd1 Bc5 69. Rh6 cxd5 70. cxd5 b5 71. d6 Nc6 72. Nxf5+ Bxf5 73. Bxf5 Nd4+ 74. Kg4 Re1 75. Rg6+ Kf7 76. Rf6+ Kg7 77. Nf2 Rg1+ 78. Kh5 Nxf5 79. Rxf5 Bxf2 80. Rd5 Rh1+ 81. Kg4 Rh8 82. axb5 axb5 83. d7 Rd8 84. f5 b4 85. Rd6 Be3 86. b3 Bc1 87. g6 Bb2 88. Kf4 Bf6 89. Ke4 Be7 90. Rd5 Kf6 91. Kd4 Rh8 92. Kc4 Rh4+ 93. Kb5 Rh8 94. Kc6 Bd8 95. Rb5 Rh3 96. Rxb4 Kxf5 97. g7 Rg3 98. Rb8 Rxg7 99. Rxd8 1-0

[Event "FB1 2223 SV Weißblau Allianz Leipzig -"]
[Site "?"]
[Date "2023.02.18"]
[Round "5.1"]
[White "Kosteniuk, Alexandra"]
[Black "Cyfka, Karina"]
[Result "1/2-1/2"]
[WhiteElo "2519"]
[BlackElo "2348"]
[PlyCount "69"]
[EventDate "2023.??.??"]

1. e4 e5 2. Nf3 Nc6 3. Bb5 a6 4. Ba4 Nf6 5. O-O Be7 6. d3 b5 7. Bb3 O-O 8. Nc3 d6 9. a3 h6 10. h3 Be6 11. Nd5 Qd7 12. Be3 Bd8 13. Nd2 Bxd5 14. exd5 Ne7 15. c4 Nf5 16. a4 Nxe3 17. fxe3 bxc4 18. dxc4 c6 19. a5 Qb7 20. Qe2 Rc8 21. dxc6 Qxc6 22. Bc2 d5 23. Bb3 d4 24. exd4 exd4 25. Qd3 Qc5 26. Rf5 Qd6 27. Nf3 Rb8 28. Ne5 Qe6 29. Raf1 g6 30. Nxg6 fxg6 31. Rb5 axb5 32. Qxg6+ Kh8 33. Qxh6+ Kg8 34. Qg6+ Kh8 35. Qh6+ 1/2-1/2

[Event "FB1 2223 SV Weißblau Allianz Leipzig -"]
[Site "?"]
[Date "2023.02.18"]
[Round "5.2"]
[White "Kulon, Klaudia"]
[Black "Abdumalik, Zhansaya"]
[Result "1/2-1/2"]
[WhiteElo "2281"]
[BlackElo "2496"]
[PlyCount "174"]
[EventDate "2023.??.??"]

1. c4 e5 2. Nc3 Nf6 3. g3 d5 4. cxd5 Nxd5 5. Bg2 Nb6 6. e3 Nc6 7. Nge2 h5 8. d4 h4 9. dxe5 Qxd1+ 10. Kxd1 Nxe5 11. Kc2 c6 12. f4 Ng4 13. h3 Nf2 14. Rh2 hxg3 15. Nxg3 Bxh3 16. Bxh3 Rxh3 17. Rxh3 Nxh3 18. Nce4 O-O-O 19. b3 g6 20. Bd2 f5 21. Rh1 Nxf4 22. exf4 fxe4 23. Nxe4 Nd5 24. Rg1 Re8 25. Kd3 Re6 26. Ng5 Rd6 27. Kc2 Be7 28. Nf7 Rf6 29. Ne5 Nxf4 30. Bxf4 Rxf4 31. Rxg6 Rf2+ 32. Kd3 Bd8 33. Rg8 Rf6 34. a4 a6 35. Kc4 Rf5 36. Kd4 Rf1 37. a5 Rd1+ 38. Nd3 Kd7 39. Rg7+ Be7 40. Kc4 Ke6 41. b4 Rh1 42. Rg4 Rf1 43. Re4+ Kd7 44. Rg4 Rh1 45. Nc5+ Kc7 46. Rg7 Re1 47. Kd3 Kb8 48. Nd7+ Kc8 49. Nb6+ Kc7 50. Kc4 Re6 51. Rh7 Re4+ 52. Kd3 Re1 53. Kc4 Kd6 54. Nc8+ Kd7 55. Nxe7 Rxe7 56. Rh4 Kc7 57. Rg4 b5+ 58. axb6+ Kxb6 59. Rg8 Re4+ 60. Kb3 a5 61. bxa5+ Kxa5 62. Rg5+ Kb6 63. Kc2 Re3 64. Kb2 Rh3 65. Kc2 c5 66. Rg4 Kb5 67. Rf4 Rh2+ 68. Kc1 c4 69. Rf3 Kc5 70. Rg3 Kb4 71. Rf3 Ra2 72. Rg3 Ra1+ 73. Kc2 Ra5 74. Rh3 Rg5 75. Rf3 Rg2+ 76. Kc1 Rh2 77. Rg3 Kc5 78. Rf3 Re2 79. Rh3 Kd4 80. Rg3 Rh2 81. Rf3 Rh4 82. Kc2 Kc5 83. Rg3 Kb4 84. Rf3 c3 85. Rf8 Rh2+ 86. Kc1 Rh1+ 87. Kc2 Rh2+ 1/2-1/2

[Event "FB1 2223 SV Weißblau Allianz Leipzig -"]
[Site "?"]
[Date "2023.02.18"]
[Round "5.3"]
[White "Paehtz, Elisabeth"]
[Black "Hincu, Olga"]
[Result "1-0"]
[WhiteElo "2464"]
[BlackElo "2137"]
[PlyCount "65"]
[EventDate "2023.??.??"]

1. d4 d5 2. Nf3 Nf6 3. c4 e6 4. g3 c6 5. Qc2 Bd6 6. Bg2 O-O 7. Nc3 Nbd7 8. O-O b6 9. e4 Nxe4 10. Nxe4 dxe4 11. Ng5 Nf6 12. Nxe4 Bb7 13. Nxd6 Qxd6 14. Bf4 Qd7 15. Rad1 Rfd8 16. Rfe1 a5 17. Bg5 b5 18. Re5 bxc4 19. Qxc4 c5 20. Bxf6 gxf6 21. Rxc5 Bxg2 22. Kxg2 Qb7+ 23. d5 Rd6 24. Rb5 Qa6 25. a4 Rc8 26. Qg4+ Kf8 27. Qh5 Rcd8 28. dxe6 Qc6+ 29. Kh3 fxe6 30. Qh6+ Ke8 31. Rxd6 Qxd6 32. Qxf6 Kd7 33. Qf7+ 1-0

[Event "FB1 2223 SV Weißblau Allianz Leipzig -"]
[Site "?"]
[Date "2023.02.18"]
[Round "5.4"]
[White "Wagenschuetz, Evelyn"]
[Black "Salimova, Nurgyul"]
[Result "0-1"]
[WhiteElo "2097"]
[BlackElo "2387"]
[PlyCount "74"]
[EventDate "2023.??.??"]

1. e4 c6 2. d4 d5 3. Nd2 dxe4 4. Nxe4 Nf6 5. Nxf6+ exf6 6. c3 Bd6 7. Bd3 O-O 8. Qc2 Re8+ 9. Ne2 h5 10. O-O h4 11. h3 Nd7 12. Bd2 Nf8 13. Rae1 Bd7 14. f4 g6 15. f5 g5 16. g3 hxg3 17. h4 c5 18. d5 c4 19. Be4 Ba4 20. Qb1 Qb6+ 21. Kg2 Nd7 22. hxg5 Nc5 23. Nd4 Be5 24. Nf3 fxg5 25. Bxg5 Bf6 26. Bd2 Qd6 27. Re3 Bg7 28. f6 Nxe4 29. Rxe4 Qxf6 30. Ne5 Qd6 31. Rxf7 Qxd5 32. Qe1 Qxe4+ 33. Qxe4 Bc6 34. Nxc6 Rxe4 35. Rxb7 Re2+ 36. Kxg3 Rxd2 37. Ne7+ Kh8 0-1

[Event "FB1 2223 SV Weißblau Allianz Leipzig -"]
[Site "?"]
[Date "2023.02.18"]
[Round "5.5"]
[White "Heinemann, Josefine"]
[Black "Schulz, Petra"]
[Result "1-0"]
[WhiteElo "2336"]
[BlackElo "1996"]
[PlyCount "81"]
[EventDate "2023.??.??"]

1. e4 e6 2. d4 d5 3. Nd2 c5 4. exd5 Qxd5 5. Ngf3 cxd4 6. Bc4 Qd6 7. O-O Nf6 8. Nb3 Nc6 9. Nbxd4 Nxd4 10. Nxd4 a6 11. Re1 Qc7 12. Bf1 Bd6 13. Nf5 Bxh2+ 14. Kh1 O-O 15. Nxg7 Kxg7 16. Qd2 Bf4 17. Qxf4 Qxf4 18. Bxf4 Nd5 19. Bd2 b5 20. a4 Bd7 21. a5 Rfc8 22. Bd3 f5 23. Re5 Ne7 24. Bc3 Kf7 25. Rae1 Ng6 26. R5e3 Rg8 27. Rh3 Nf8 28. Bb4 Rg7 29. Rh6 Kg8 30. c4 Rg4 31. b3 Ng6 32. Bc3 Nf4 33. Bf1 Ng6 34. f3 Rh4+ 35. Rxh4 Nxh4 36. Rd1 Be8 37. Rd6 Kf7 38. Rb6 Ra7 39. cxb5 axb5 40. a6 Kg8 41. Rb8 1-0

[Event "FB1 2223 SV Weißblau Allianz Leipzig -"]
[Site "?"]
[Date "2023.02.18"]
[Round "5.6"]
[White "Daemering, Katrin"]
[Black "Kachiani-Gersinska, Ketino"]
[Result "0-1"]
[WhiteElo "1994"]
[BlackElo "2318"]
[PlyCount "100"]
[EventDate "2023.??.??"]

1. e4 c6 2. Nc3 d5 3. exd5 cxd5 4. d4 Nc6 5. Nf3 Bg4 6. Be2 e6 7. O-O Bd6 8. Bg5 Qb6 9. Na4 Qc7 10. h3 h6 11. Be3 Bxf3 12. Bxf3 Nge7 13. Nc3 a6 14. a3 Nf5 15. Qd3 Nce7 16. Nd1 O-O 17. Bd2 Rfc8 18. c3 b5 19. b3 Rab8 20. Nb2 Rb6 21. Bg4 Bh2+ 22. Kh1 Bf4 23. Be1 Rc6 24. g3 Bg5 25. h4 Bf6 26. Bd2 Nd6 27. Bf3 Rxc3 28. Bxc3 Qxc3 29. Rab1 Bxd4 30. Kg2 e5 31. Qxc3 Rxc3 32. Nd1 Rc2 33. Re1 e4 34. Bg4 f5 35. Re2 Rc7 36. Bh3 g5 37. hxg5 hxg5 38. Kg1 Be5 39. Rd2 d4 40. Bf1 Kf7 41. a4 Nd5 42. axb5 axb5 43. Kg2 g4 44. Rbb2 Nb4 45. Rb1 Kf6 46. Kg1 Rc5 47. Kg2 Nf7 48. Nb2 Ng5 49. Be2 d3 50. Bf1 Rc2 0-1

[Event "FB1 2223 Rodewischer Schachmiezen - Sch"]
[Site "?"]
[Date "2023.02.18"]
[Round "5.1"]
[White "Klek, Hanna Marie"]
[Black "Sieber, Fiona"]
[Result "0-1"]
[WhiteElo "2318"]
[BlackElo "2218"]
[PlyCount "80"]
[EventDate "2023.??.??"]

1. e4 e5 2. Nf3 Nc6 3. Bb5 a6 4. Ba4 Nge7 5. O-O Ng6 6. c3 d5 7. d4 dxe4 8. Nxe5 Ngxe5 9. dxe5 Qxd1 10. Rxd1 Bd7 11. Bf4 O-O-O 12. Bb3 Bc5 13. Nd2 Bg4 14. Re1 e3 15. Ne4 exf2+ 16. Nxf2 Be6 17. Re2 Rhe8 18. h3 Bxb3 19. axb3 a5 20. Rae1 Rd5 21. g4 Kd7 22. Kg2 Bxf2 23. Rxf2 Ke6 24. Rf3 Red8 25. h4 Rd3 26. Rf2 R8d5 27. h5 h6 28. Ref1 Rd1 29. Rxd1 Rxd1 30. Re2 Rd5 31. Re1 Rb5 32. b4 axb4 33. c4 Ra5 34. Kg3 Ra2 35. Re2 Ra1 36. Be3 Ra5 37. c5 Ra1 38. Bf4 Rg1+ 39. Kh3 Rd1 40. Kg3 Rd5 0-1